[Event "Pardubice Czech op-B 23rd"]
[Site "Pardubice"]
[Date "2012.07.28"]
[Round "9"]
[White "Dubrovin, Robert"]
[Black "Gafner, Evgeny J"]
[Result "0-1"]
[WhiteElo "2168"]
[BlackElo "2262"]
[PlyCount "66"]
[EventDate "2012.07.20"]
[EventType "swiss"]
[EventRounds "9"]
[EventCountry "CZE"]
[SourceTitle "EXT 2013"]
[Source "ChessBase"]
[SourceDate "2012.11.22"]
[SourceVersion "1"]
[SourceVersionDate "2012.11.22"]
[SourceQuality "1"]

1. d4 Nf6 2. c4 g6 3. Nc3 Bg7 4. e4 d6 5. Nf3 0-0 6. Be2 e5 7. 0-0 Nh5 8. g3 Bg4 9. d5 h6 10. Ne1 Bxe2 11. Qxe2 Nd7 12. Nd3 a6 13. Be3 Qe8 14. c5 f5 15. f3 f4 16. Bf2 fxg3 17. hxg3 dxc5 18. Kg2 Qe7 19. b3 Rf7 20. Be3 b6 21. a4 a5 22. Nb5 Rc8 23. Nb2 Nhf6 24. Rad1 Ne8 25. Rh1 g5 26. Nc4 Nd6 27. Nbxd6 cxd6 28. Rdf1 Rcf8 29. Nd2 Rf6 30. Rf2 Qf7 31. Rh3 Qg6 32. Nc4 g4 33. fxg4 Qxe4+ 0-1

[Event "Pardubice Czech op-B 23rd"]
[Site "Pardubice"]
[Date "2012.07.26"]
[Round "7"]
[White "Jakubek, Peter"]
[Black "Gafner, Evgeny J"]
[Result "1/2-1/2"]
[WhiteElo "2133"]
[BlackElo "2262"]
[PlyCount "105"]
[EventDate "2012.07.20"]
[EventType "swiss"]
[EventRounds "9"]
[EventCountry "CZE"]
[SourceTitle "EXT 2013"]
[Source "ChessBase"]
[SourceDate "2012.11.22"]
[SourceVersion "1"]
[SourceVersionDate "2012.11.22"]
[SourceQuality "1"]

1. d4 Nf6 2. Bg5 e6 3. Nf3 c5 4. e3 b6 5. Nbd2 Bb7 6. Bd3 Be7 7. 0-0 0-0 8. c3 d6 9. Qe2 h6 10. Bxf6 Bxf6 11. e4 cxd4 12. cxd4 Nc6 13. Qe3 Nb4 14. Bb1 Rc8 15. Qb3 Nc6 16. Qe3 b5 17. Re1 Qb6 18. e5 dxe5 19. Ne4 Be7 20. dxe5 Qxe3 21. fxe3 Rfd8 22. Nc3 b4 23. Ne2 Bc5 24. Ng3 Ne7 25. Be4 Bd5 26. Kh1 Bb6 27. b3 Bxe4 28. Nxe4 Nf5 29. Rac1 Nxe3 30. Nd6 Rxc1 31. Rxc1 f6 32. Nc8 Nd5 33. Nxb6 Nxb6 34. Kg1 fxe5 35. Nxe5 Rd2 36. Nc6 Nd5 37. Re1 Rxa2 38. Rxe6 Rxg2+ 39. Kxg2 Nf4+ 40. Kf2 Nxe6 41. Nxa7 Nd4 42. Ke3 Nxb3 43. Nc6 Kf7 44. Nxb4 Kg6 45. Nd5 Kg5 46. Kf3 Kh4 47. Ne3 g6 48. Ng2+ Kg5 49. h4+ Kf6 50. Ne3 Nd4+ 51. Kf4 Nf5 52. Ng4+ Ke6 53. Nxh6 1/2-1/2

[Event "RUS-chT 18th"]
[Site "Olginka"]
[Date "2011.04.23"]
[Round "11"]
[White "Sjugirov, Sanan"]
[Black "Gafner, Evgeny J"]
[Result "1-0"]
[WhiteElo "2643"]
[BlackElo "2296"]
[PlyCount "69"]
[EventDate "2011.04.12"]
[EventType "team-tourn"]
[EventRounds "11"]
[EventCountry "RUS"]
[SourceTitle "EXT 2020"]
[Source "ChessBase"]
[SourceDate "2019.10.17"]
[SourceVersion "1"]
[SourceVersionDate "2019.10.17"]
[SourceQuality "1"]
[WhiteTeam "Khanty Mansiysk Yugra"]
[BlackTeam "Yamal"]
[WhiteTeamCountry "RUS"]
[BlackTeamCountry "RUS"]

1. e4 c5 2. Nf3 Nc6 3. Bb5 g6 4. Bxc6 dxc6 5. d3 Bg7 6. h3 Nf6 7. Nc3 0-0 8. Bf4 Nh5 9. Be3 Qd6 10. Qd2 e5 11. Ne2 f5 12. Bh6 fxe4 13. Bxg7 exf3 14. Bxf8 fxg2 15. Rg1 Qxf8 16. Rxg2 Bxh3 17. Rg5 Bf5 18. 0-0-0 Ng7 19. Rh1 Re8 20. Rg2 Qf7 21. Qh6 Ne6 22. Ng3 Nf8 23. Qh4 Kh8 24. b3 b5 25. Re1 a5 26. f4 c4 27. Rxe5 Rxe5 28. fxe5 Be6 29. Rg1 Nd7 30. Rf1 Qe8 31. dxc4 bxc4 32. Ne4 Bf5 33. Nd6 Qe6 34. Nxf5 gxf5 35. Qd8+ 1-0

[Event "RUS-chT 18th"]
[Site "Olginka"]
[Date "2011.04.16"]
[Round "5"]
[White "Smirnov, Pavel"]
[Black "Gafner, Evgeny J"]
[Result "1-0"]
[WhiteElo "2539"]
[BlackElo "2296"]
[PlyCount "35"]
[EventDate "2011.04.12"]
[EventType "team-tourn"]
[EventRounds "11"]
[EventCountry "RUS"]
[SourceTitle "EXT 2020"]
[Source "ChessBase"]
[SourceDate "2019.10.17"]
[SourceVersion "1"]
[SourceVersionDate "2019.10.17"]
[SourceQuality "1"]
[WhiteTeam "Belgorod BelGu"]
[BlackTeam "Yamal"]
[WhiteTeamCountry "RUS"]
[BlackTeamCountry "RUS"]

1. e4 c5 2. Nf3 Nc6 3. Nc3 g6 4. d4 cxd4 5. Nxd4 Bg7 6. Be3 Nf6 7. Bc4 0-0 8. Bb3 Qa5 9. f3 d5 10. exd5 Nb4 11. Qd2 Rd8 12. 0-0 Nbxd5 13. Nxd5 Qxd2 14. Nxe7+ Kf8 15. Bxd2 Rxd4 16. Be3 Ng8 17. Nxc8 Rxc8 18. c3 1-0

[Event "Noyabrsk YANAO-ch"]
[Site "Noyabrsk"]
[Date "2008.01.16"]
[Round "2"]
[White "Sergeev, Alexander S"]
[Black "Gafner, Evgeny J"]
[Result "1-0"]
[WhiteElo "2080"]
[BlackElo "2292"]
[PlyCount "101"]
[EventDate "2008.01.16"]
[EventType "tourn"]
[EventRounds "9"]
[EventCountry "RUS"]
[SourceTitle "EXT 2009"]
[Source "ChessBase"]
[SourceDate "2008.11.26"]
[SourceVersion "1"]
[SourceVersionDate "2008.11.26"]
[SourceQuality "1"]

1. d4 d5 2. c4 dxc4 3. e4 e5 4. Nf3 exd4 5. Qxd4 Qxd4 6. Nxd4 Bb4+ 7. Nc3 Nf6 8. f3 0-0 9. Bxc4 Re8 10. Kf2 c6 11. Rd1 Nbd7 12. Be2 g6 13. Nc2 Bf8 14. Ne3 Nb6 15. Nc4 Nxc4 16. Bxc4 Bc5+ 17. Be3 Bxe3+ 18. Kxe3 Be6 19. Bxe6 Rxe6 20. Rd3 Kf8 21. g4 Ke8 22. Rad1 Re7 23. Rd6 Nd7 24. f4 Nb6 25. b3 Rd7 26. Rxd7 Nxd7 27. e5 Nb6 28. f5 Rd8 29. Rxd8+ Kxd8 30. Kf4 h6 31. e6 Ke7 32. exf7 Kxf7 33. h4 gxf5 34. Kxf5 Nc8 35. Ke5 Ne7 36. h5 b5 37. b4 Nc8 38. Ne4 Nb6 39. Nd6+ Kg7 40. Nf5+ Kh7 41. Ne7 Nc4+ 42. Kd4 a5 43. Nxc6 axb4 44. Nxb4 Kg7 45. Nd5 Kf7 46. a4 Nd6 47. a5 Ke6 48. a6 Nc8 49. Kc5 Na7 50. Nc7+ Kf6 51. Nxb5 1-0

[Event "Alushta Summer 4th"]
[Site "Alushta"]
[Date "2005.06.19"]
[Round "3"]
[White "Gafner, Evgeny J"]
[Black "Madan, Augustin"]
[Result "1/2-1/2"]
[WhiteElo "2302"]
[BlackElo "2310"]
[PlyCount "38"]
[EventDate "2005.06.17"]
[EventType "tourn"]
[EventRounds "11"]
[EventCountry "UKR"]
[EventCategory "1"]
[SourceTitle "CBM 106 Extra"]
[Source "ChessBase"]
[SourceDate "2005.07.01"]
[SourceVersion "1"]
[SourceVersionDate "2005.07.01"]
[SourceQuality "1"]

1. e4 e6 2. Nf3 d5 3. Nc3 d4 4. Ne2 c5 5. c3 Nc6 6. cxd4 cxd4 7. Qa4 Bc5 8. b4 Bxb4 9. Nexd4 Nge7 10. Bb5 Qa5 11. Nxc6 Qxa4 12. Bxa4 Nxc6 13. Ne5 0-0 14. Bxc6 bxc6 15. Nxc6 a5 16. Rb1 Ba6 17. Nxb4 Rfb8 18. Ba3 Bc4 19. d3 Bxa2 1/2-1/2

[Event "Alushta Summer 4th"]
[Site "Alushta"]
[Date "2005.06.18"]
[Round "2"]
[White "Bets, Anatolij"]
[Black "Gafner, Evgeny J"]
[Result "1/2-1/2"]
[WhiteElo "2360"]
[BlackElo "2302"]
[PlyCount "42"]
[EventDate "2005.06.17"]
[EventType "tourn"]
[EventRounds "11"]
[EventCountry "UKR"]
[EventCategory "1"]
[SourceTitle "CBM 106 Extra"]
[Source "ChessBase"]
[SourceDate "2005.07.01"]
[SourceVersion "1"]
[SourceVersionDate "2005.07.01"]
[SourceQuality "1"]

1. d4 d5 2. c4 dxc4 3. e3 Nf6 4. Bxc4 e6 5. Nf3 c5 6. 0-0 a6 7. dxc5 Bxc5 8. Qxd8+ Kxd8 9. b3 Ke7 10. Bb2 b6 11. Nbd2 Bb7 12. Be2 Nbd7 13. Rac1 Rac8 14. a3 Rhd8 15. b4 Bd6 16. Nc4 Bc7 17. a4 Nd5 18. b5 Nc5 19. Ba3 axb5 20. axb5 Ke8 21. Na5 bxa5 1/2-1/2

[Event "Urals-ch"]
[Site "Orsk"]
[Date "2001.??.??"]
[Round "4"]
[White "Gafner, Evgeny J"]
[Black "Kuznetsov, Viktor2222"]
[Result "1-0"]
[WhiteElo "2299"]
[BlackElo "2146"]
[PlyCount "59"]
[EventDate "2001.??.??"]
[EventType "swiss"]
[EventRounds "9"]
[EventCountry "RUS"]
[SourceTitle "EXT 2002"]
[Source "ChessBase"]
[SourceDate "2001.11.25"]
[SourceVersion "1"]
[SourceVersionDate "2001.11.25"]
[SourceQuality "1"]

1. e4 c5 2. Nf3 Nc6 3. Bb5 g6 4. Bxc6 dxc6 5. d3 Bg7 6. h3 e5 7. Be3 Qe7 8. Nbd2 Nf6 9. Nc4 Nd7 10. Qd2 0-0 11. Bh6 Rd8 12. Bxg7 Kxg7 13. 0-0 f6 14. Nh2 b5 15. Na5 Qd6 16. f4 Ba6 17. Kh1 c4 18. Ng4 exf4 19. Rxf4 h5 20. Rxf6 Nxf6 21. e5 Qf8 22. Nxf6 cxd3 23. Nxc6 Qc5 24. Nxh5+ Kh7 25. Nf6+ Kg7 26. Nxd8 Rxd8 27. Ng4 dxc2 28. Qh6+ Kf7 29. Rf1+ Ke6 30. Qxg6+ 1-0

[Event "Urals-ch"]
[Site "Orsk"]
[Date "2001.??.??"]
[Round "2"]
[White "Gafner, Evgeny J"]
[Black "Ryjanova, Julia"]
[Result "0-1"]
[WhiteElo "2299"]
[BlackElo "2393"]
[PlyCount "72"]
[EventDate "2001.??.??"]
[EventType "swiss"]
[EventRounds "9"]
[EventCountry "RUS"]
[SourceTitle "EXT 2002"]
[Source "ChessBase"]
[SourceDate "2001.11.25"]
[SourceVersion "1"]
[SourceVersionDate "2001.11.25"]
[SourceQuality "1"]

1. e4 c5 2. Nf3 Nc6 3. Bb5 g6 4. Bxc6 dxc6 5. h3 e5 6. d3 f6 7. Be3 Nh6 8. Nbd2 Nf7 9. Qe2 Be6 10. c3 Bd6 11. d4 cxd4 12. cxd4 Qe7 13. 0-0 0-0 14. dxe5 Nxe5 15. Nd4 Bd7 16. Rac1 Nf7 17. Rfd1 Rad8 18. a3 Kg7 19. N4f3 b6 20. Bd4 Rfe8 21. b4 Bf4 22. Rc3 Nd6 23. Be3 Nb5 24. Rd3 Bb8 25. Nd4 Nd6 26. f3 c5 27. bxc5 bxc5 28. Nc2 Bb5 29. Bxc5 Bxd3 30. Qxd3 Qc7 31. Bd4 Nf7 32. Nb3 Qh2+ 33. Kf2 Bg3+ 34. Ke3 Qxg2 35. Qe2 Bf4+ 36. Kd3 Ne5+ 0-1

[Event "Urals-ch"]
[Site "Orsk"]
[Date "2001.??.??"]
[Round "3"]
[White "Zhiliaev, Alexander"]
[Black "Gafner, Evgeny J"]
[Result "1-0"]
[WhiteElo "2140"]
[BlackElo "2299"]
[PlyCount "35"]
[EventDate "2001.??.??"]
[EventType "swiss"]
[EventRounds "9"]
[EventCountry "RUS"]
[SourceTitle "EXT 2002"]
[Source "ChessBase"]
[SourceDate "2001.11.25"]
[SourceVersion "1"]
[SourceVersionDate "2001.11.25"]
[SourceQuality "1"]

1. e4 e5 2. Nf3 Nc6 3. Nc3 Nf6 4. Bb5 Bb4 5. 0-0 0-0 6. d3 d6 7. Bg5 Bxc3 8. bxc3 h6 9. Bc1 Ne7 10. Re1 c6 11. Bc4 Ng6 12. d4 exd4 13. Qxd4 Nxe4 14. Ba3 Re8 15. Rxe4 Rxe4 16. Qxe4 d5 17. Qd4 Be6 18. Bd3 1-0

[Event "Chigorin Memorial 08th"]
[Site "St Petersburg"]
[Date "2000.11.08"]
[Round "7"]
[White "Gafner, Evgeny J"]
[Black "Pushkov, Nikolai"]
[Result "0-1"]
[WhiteElo "2258"]
[BlackElo "2546"]
[PlyCount "62"]
[EventDate "2000.10.31"]
[EventType "swiss"]
[EventRounds "9"]
[EventCountry "RUS"]
[SourceTitle "EXT 2001"]
[Source "ChessBase"]
[SourceDate "2000.11.22"]
[SourceVersion "1"]
[SourceVersionDate "2000.11.22"]
[SourceQuality "1"]

1. e4 e6 2. d4 d5 3. e5 c5 4. c3 Nc6 5. Nf3 Bd7 6. Be2 Nge7 7. Na3 cxd4 8. cxd4 Nf5 9. Nc2 Nb4 10. 0-0 Rc8 11. Nxb4 Bxb4 12. Qb3 Qb6 13. g4 Nxd4 14. Nxd4 Qxd4 15. Qg3 0-0 16. g5 Qb6 17. a4 Rc7 18. Rd1 Rfc8 19. Bd3 g6 20. Qh4 Bf8 21. Be3 Qxb2 22. Bd4 Qb4 23. Rdb1 Qd2 24. Bf1 Be7 25. Be3 Qc3 26. Bd4 Bxg5 27. Qxg5 Qxd4 28. Ra3 Bxa4 29. Rh3 Bc2 30. Rc1 Qb2 31. Bd3 Qxc1+ 0-1

[Event "RUS-ch sf"]
[Site "Orsk"]
[Date "2000.??.??"]
[Round "10"]
[White "Nefediev, Alexander"]
[Black "Gafner, Evgeny J"]
[Result "1/2-1/2"]
[WhiteElo "2304"]
[BlackElo "2258"]
[PlyCount "68"]
[EventDate "2000.??.??"]
[EventType "swiss"]
[EventRounds "11"]
[EventCountry "RUS"]
[SourceTitle "EXT 2001"]
[Source "ChessBase"]
[SourceDate "2000.11.22"]
[SourceVersion "1"]
[SourceVersionDate "2000.11.22"]
[SourceQuality "1"]

1. c4 e5 2. Nf3 Nc6 3. d4 exd4 4. Nxd4 Nf6 5. Nc3 Bb4 6. Bg5 h6 7. Bh4 Bxc3+ 8. bxc3 Ne5 9. e3 d6 10. Be2 0-0 11. 0-0 Ng6 12. Bg3 Ne4 13. Qc2 Re8 14. Bf3 Nxg3 15. hxg3 Ne5 16. Be2 Bg4 17. f3 Bd7 18. f4 Ng4 19. Bxg4 Bxg4 20. e4 Qd7 21. Rae1 b6 22. Re3 Re7 23. Rfe1 Rae8 24. Kf2 a5 25. Qb3 Kh8 26. Qb5 Qxb5 27. cxb5 f6 28. a4 Kg8 29. Nc6 Rf7 30. Rd3 Bd7 31. Nd4 Rfe7 32. Rde3 Bg4 33. Nc6 Rf7 34. Nd4 Rfe7 1/2-1/2

[Event "RUS-ch sf"]
[Site "Orsk"]
[Date "2000.??.??"]
[Round "8"]
[White "Sabaev, Sergey Valentinovic"]
[Black "Gafner, Evgeny J"]
[Result "0-1"]
[WhiteElo "2315"]
[BlackElo "2258"]
[PlyCount "61"]
[EventDate "2000.??.??"]
[EventType "swiss"]
[EventRounds "11"]
[EventCountry "RUS"]
[SourceTitle "EXT 2001"]
[Source "ChessBase"]
[SourceDate "2000.11.22"]
[SourceVersion "1"]
[SourceVersionDate "2000.11.22"]
[SourceQuality "1"]

1. d4 Nf6 2. c4 e6 3. Nc3 Bb4 4. Bg5 c5 5. d5 b5 6. dxe6 fxe6 7. cxb5 0-0 8. e3 Qa5 9. Bxf6 Rxf6 10. Qc1 a6 11. bxa6 Nxa6 12. Bd3 Bb7 13. f3 c4 14. Bb1 Qg5 15. Qd2 Nc5 16. Bc2 e5 17. h4 Qg3+ 18. Qf2 Qxf2+ 19. Kxf2 Bxc3 20. bxc3 Be4 21. Bxe4 Nxe4+ 22. Ke1 Nxc3 23. Kd2 Nxa2 24. Ne2 Rd6+ 25. Kc2 Rd3 26. Rhb1 Rxe3 27. Nc1 Rea3 28. Nxa2 Rxa2+ 29. Rxa2 Rxa2+ 30. Kc3 Rxg2 31. Kxc4 0-1